000 01345nam a22003737a 4500
003 CHAP
005 20220329140457.0
008 971013s1995 r 00010 d
010 _a52546
011 _a53518
035 _a57668
040 _cCHAP
082 _a634.9721
_bZ38
100 0 0 _aZavala Chávez, Fernando.
_9123771
245 _aEncinos hidalguenses
260 _aChapingo, Méx. :
_bUACH. División de Ciencias Forestales,
_c1995
300 _a133 p.
_b: ilus.
590 _aBATCH-UPD
_b10
_c20130110
_lUCH01
_h0812
590 _aBATCH-UPD
_b10
_c20130410
_lUCH01
_h0449
590 _aBATCH-UPD
_b10
_c20130914
_lUCH01
_h0715
590 _aCONVERSION
_b10
_c20130109
_lUCH01
_h1328
650 1 4 _aÁrboles
_zHidalgo.
_982442
650 1 4 _aBosques
_zHidalgo.
_914415
650 1 4 _aOyamel.
_984468
650 1 4 _aParque Nacional El Chico, Hgo.
_985679
650 1 4 _aQuercus.
_993173
901 _aBK
942 _cLIBRO
949 _a634.9721 Z38
_bBC
_cLIBRO
_d33724000040754
_eLIBRO
_fc.3
_h89812
_i57668
_mD
_si
949 _a634.9721 Z38
_bBC
_cLIBRO
_d33724000040762
_eLIBRO
_h89810
_i57668
_mD
_si
949 _a634.9721 Z38
_bBC
_cLIBRO
_d33724000040770
_eLIBRO
_fc.2
_h89811
_i57668
_mD
_si
949 _a634.9721 Z38
_bBC
_cLIBRO
_d33724000040788
_eLIBRO
_fc.4
_h89813
_i57668
_si
949 _a634.9721 Z38
_bBC
_cUACH
_d-125381
_eUACH
_fc.5
_h89814
_i57668
_si
999 _c52546
_d52546